<?xml version="1.0" encoding="UTF-8"?>
<collection xmlns="http://www.loc.gov/MARC21/slim">
  <record>
    <leader>00000nam  2200000   4500</leader>
    <controlfield tag="001">INLIS000000000018526</controlfield>
    <controlfield tag="005">20241121085141</controlfield>
    <datafield tag="035" ind1="#" ind2="#">
      <subfield code="a">0010-1124000192</subfield>
    </datafield>
    <controlfield tag="007">ta</controlfield>
    <controlfield tag="008">241121###########################0######</controlfield>
    <datafield tag="245" ind1="#" ind2="#">
      <subfield code="a">I OBE-RECUR :</subfield>
      <subfield code="b">Integrasi Ourcome Based Education-Review Kurikulum PGSD UNSULBAR /</subfield>
      <subfield code="c">Asmirinda Resa, M.Pd.</subfield>
    </datafield>
    <datafield tag="260" ind1="#" ind2="#">
      <subfield code="a">Makassar :</subfield>
      <subfield code="b">Puslatbang KMP RI LAN Makassar,</subfield>
      <subfield code="c">2024</subfield>
    </datafield>
    <datafield tag="300" ind1="#" ind2="#">
      <subfield code="a">44 ;</subfield>
      <subfield code="c">30</subfield>
    </datafield>
    <datafield tag="650" ind1="#" ind2="4">
      <subfield code="a">Kurikulum terintegrasi Outcome Based Education (OBE)</subfield>
    </datafield>
    <datafield tag="700" ind1=" " ind2="#">
      <subfield code="a">Dr. H. Ruslan, M.Pd (Mentor)</subfield>
    </datafield>
    <datafield tag="700" ind1=" " ind2="#">
      <subfield code="a">Zulchaidir, S.Sos., MPS (Coach)</subfield>
    </datafield>
    <datafield tag="520" ind1="#" ind2="#">
      <subfield code="a">Aktualisasi menghasilkan ini bertujuan kurikulum terintegrasi Outcome yang Based Education (OBE) pada Prodi PGSD FKIP Universitas Sulawesi Barat, Pentingnya isu direalisasikan menekankan pada pencapaian hasil yang konkret dan terukur sebagai fokus utama pembelajaran. Pendekatan ini dirancang untuk memastikan bahwa setiap program pendidikan menghasilkan lulusan yang memiliki sikap, keterampilan, dan pengetahuan yang sesuai dengan tuntutan dunia kerja dan kebutuhan masyarakat.&#13;
Hasil yang diperoleh setelah aktualisasi yaitu hadirnya draft kurikulum yang terintegrasi OBE, yang berdampak bagi dosen, mahasiswa dan instansi. Dengan terlaksananya aktualisasi kurikulum OBE berdampak pada kesesuaian dengan SN-Dikti, perencanaan, pelaksanaan, evaluasi, dan perbaikan yang berkelanjutan kurikulum berfokus pada pencapaian CPL, serta dalam implementasinya untuk keperluan akreditasi nasional maupun internasional pelaksanaan OBE sangat diperlukan dukungan dokumen atau data-data yang sahih sebagai bukti.</subfield>
    </datafield>
    <datafield tag="856" ind1="#" ind2="#">
      <subfield code="a">PUSLATBANG KMP LAN RI Makassar</subfield>
    </datafield>
  </record>
</collection>
